00590cam a2200181 a 450000500170000000800410001702000150005805000240007310000290009724500850012625000110021126000450022230000210026749000310028850400210031954600140034065100540035420160411094236.0030731s1989 fr 000 0 fre u a207071742904aDC158 .8 bO96 19891 aOzouf, Monad[1931- ?]10aL´homme régénéré :bessais sur la révolution francaise /cMona Ozouf. a1a ed. a[París, Francia] :bGallimard, c1989. a239 p. ;c19 cm. 0aBibliotheque des histoires aIncluye índice aFrancés 72LEMBaFrancia xHistoria yRevolución 1789-1793